|
|
|
|
| LEADER |
02607nam a22004575i 4500 |
| 001 |
978-3-642-10910-2 |
| 003 |
DE-He213 |
| 005 |
20151031101146.0 |
| 007 |
cr nn 008mamaa |
| 008 |
110613s2011 gw | s |||| 0|ita d |
| 020 |
|
|
|a 9783642109102
|9 978-3-642-10910-2
|
| 024 |
7 |
|
|a 10.1007/978-3-642-10910-2
|2 doi
|
| 040 |
|
|
|d GrThAP
|
| 050 |
|
4 |
|a QA370-380
|
| 072 |
|
7 |
|a PBKJ
|2 bicssc
|
| 072 |
|
7 |
|a MAT007000
|2 bisacsh
|
| 082 |
0 |
4 |
|a 515.353
|2 23
|
| 245 |
1 |
0 |
|a Teoria della turbolenza
|h [electronic resource] /
|c edited by C. Ferrari.
|
| 264 |
|
1 |
|a Berlin, Heidelberg :
|b Springer Berlin Heidelberg,
|c 2011.
|
| 300 |
|
|
|a 389 pagg. 2 figg.
|b online resource.
|
| 336 |
|
|
|a text
|b txt
|2 rdacontent
|
| 337 |
|
|
|a computer
|b c
|2 rdamedia
|
| 338 |
|
|
|a online resource
|b cr
|2 rdacarrier
|
| 347 |
|
|
|a text file
|b PDF
|2 rda
|
| 490 |
1 |
|
|a C.I.M.E. Summer Schools ;
|v 14
|
| 505 |
0 |
|
|a J. Kampé de Fériet: Problèmes mathématiques de la théorie de la turbulence homogéne -- L. Dubreil-Jacotin: Sur les axiomes des moyennes -- J. Arbault: Transformations de Reynolds sur un ensemble fini -- O. Björgum: On the possibility of a mathematical theory of shearflow turbulence -- C. Ferrari: Turbolenza di parete -- C. Agostinelli: Turbolenza in magneto-idrodinamica -- J. Laufer: The hot-wire techniques in supersonic research -- R. Wille, O. Wehrmann: Hitzdrahtmessungen in freien Grenzschichten -- W. Tollmien: Miscellen aus der Turbulenzforschung.
|
| 520 |
|
|
|a J. Kampé de Fériet: Problèmes mathématiques de la théorie de la turbulence homogéne.- L. Dubreil-Jacotin: Sur les axiomes des moyennes.- J. Arbault: Transformations de Reynolds sur un ensemble fini.- O. Björgum: On the possibility of a mathematical theory of shearflow turbulence.- C. Ferrari: Turbolenza di parete.- C. Agostinelli: Turbolenza in magneto-idrodinamica.- J. Laufer: The hot-wire techniques in supersonic research.- R. Wille, O. Wehrmann: Hitzdrahtmessungen in freien Grenzschichten.- W. Tollmien: Miscellen aus der Turbulenzforschung.
|
| 650 |
|
0 |
|a Mathematics.
|
| 650 |
|
0 |
|a Partial differential equations.
|
| 650 |
|
0 |
|a Fluid mechanics.
|
| 650 |
1 |
4 |
|a Mathematics.
|
| 650 |
2 |
4 |
|a Partial Differential Equations.
|
| 650 |
2 |
4 |
|a Engineering Fluid Dynamics.
|
| 700 |
1 |
|
|a Ferrari, C.
|e editor.
|
| 710 |
2 |
|
|a SpringerLink (Online service)
|
| 773 |
0 |
|
|t Springer eBooks
|
| 776 |
0 |
8 |
|i Printed edition:
|z 9783642109089
|
| 830 |
|
0 |
|a C.I.M.E. Summer Schools ;
|v 14
|
| 856 |
4 |
0 |
|u http://dx.doi.org/10.1007/978-3-642-10910-2
|z Full Text via HEAL-Link
|
| 912 |
|
|
|a ZDB-2-SMA
|
| 950 |
|
|
|a Mathematics and Statistics (Springer-11649)
|